LEADER 01627oam 2200457Ka 450 001 9910698857703321 005 20090514091639.0 035 $a(CKB)5470000002397288 035 $a(OCoLC)320953122 035 $a(EXLCZ)995470000002397288 100 $a20090514d1986 ua 0 101 0 $aeng 181 $ctxt$2rdacontent 182 $cc$2rdamedia 183 $acr$2rdacarrier 200 10$aFinal report on middle atmosphere modeling$b[electronic resource] /$fby Darrell F. Strobel 210 1$aBaltimore, MD :$cDept. of Earth and Planetary Sciences, The Johns Hopkins University ;$a[Washington, DC]:$c[National Aeronautics and Space Administration],$d[1986?] 215 $a1 volume 225 1 $aNASA-CR ;$v179934 300 $aTitle from title screen (viewed May 13, 2009) 517 3 $aMiddle atmosphere modeling 606 $aAtmospheric models$2nasat 606 $aEnergy conversion efficiency$2nasat 606 $aGravity waves$2nasat 606 $aMiddle atmosphere$2nasat 606 $aTurbulent diffusion$2nasat 615 7$aAtmospheric models. 615 7$aEnergy conversion efficiency. 615 7$aGravity waves. 615 7$aMiddle atmosphere. 615 7$aTurbulent diffusion. 700 $aStrobel$b Darrell F$01403479 712 02$aJohns Hopkins University.$bDepartment of Earth and Planetary Sciences. 712 02$aUnited States.$bNational Aeronautics and Space Administration. 801 0$bGPO 801 1$bGPO 801 2$bGPO 906 $aBOOK 912 $a9910698857703321 996 $aFinal report on middle atmosphere modeling$93476262 997 $aUNINA